Designing Concurrent, Distributed, and Real-Time Applications with UML / (Record no. 16818)
[ view plain ]
| 000 -LEADER | |
|---|---|
| fixed length control field | 01153cam a22002534a 4500 |
| 001 - CONTROL NUMBER | |
| control field | 11963106 |
| 005 - DATE AND TIME OF LATEST TRANSACTION | |
| control field | 20010105102541.0 |
| 008 - FIXED-LENGTH DATA ELEMENTS--GENERAL INFORMATION | |
| fixed length control field | 000404s2000 maua b 001 0 eng |
| 020 ## - INTERNATIONAL STANDARD BOOK NUMBER | |
| International Standard Book Number | 0201657937 |
| 040 ## - CATALOGING SOURCE | |
| Original cataloging agency | DLC |
| Transcribing agency | DLC |
| Modifying agency | DLC |
| 082 00 - DEWEY DECIMAL CLASSIFICATION NUMBER | |
| Classification number | 005.117 |
| Edition number | 21 |
| Item number | GOM |
| 100 1# - MAIN ENTRY--PERSONAL NAME | |
| Personal name | Gomaa, Hassan. |
| 9 (RLIN) | 30334 |
| 245 10 - TITLE STATEMENT | |
| Title | Designing Concurrent, Distributed, and Real-Time Applications with UML / |
| Statement of responsibility, etc | Hassan Gomaa. |
| 260 ## - PUBLICATION, DISTRIBUTION, ETC. (IMPRINT) | |
| Place of publication, distribution, etc | Reading, MA : |
| Name of publisher, distributor, etc | Addison-Wesley, |
| Date of publication, distribution, etc | c2000. |
| 300 ## - PHYSICAL DESCRIPTION | |
| Extent | xxiii, 785 p. : |
| Other physical details | ill. ; |
| Dimensions | 25 cm. |
| 440 #4 - | |
| -- | The Addison-Wesley object technology series |
| -- | 30335 |
| 504 ## - BIBLIOGRAPHY, ETC. NOTE | |
| Bibliography, etc | Includes bibliographical references and index. |
| 650 #0 - SUBJECT ADDED ENTRY--TOPICAL TERM | |
| Topical term or geographic name as entry element | Application software |
| General subdivision | Development. |
| 9 (RLIN) | 30336 |
| 650 #0 - SUBJECT ADDED ENTRY--TOPICAL TERM | |
| Topical term or geographic name as entry element | UML (Computer science) |
| 9 (RLIN) | 30337 |
| 653 ## - INDEX TERM--UNCONTROLLED | |
| Resource For college | |
| Arrived date list | July2012 |
| 942 ## - ADDED ENTRY ELEMENTS (KOHA) | |
| Source of classification or shelving scheme | Dewey Decimal Classification |
| Item type | Book - Borrowing |
| Withdrawn status | Item status | Source of classification or shelving scheme | Damaged status | Not for loan | Vendor | Home library | Current library | Shelving location | Date acquired | Source of acquisition | Cost, normal purchase price | Serial Enumeration / chronology | Total Checkouts | Total Renewals | Full call number | Barcode | Date last seen | Date last borrowed | Koha item type |
|---|---|---|---|---|---|---|---|---|---|---|---|---|---|---|---|---|---|---|---|
| Dewey Decimal Classification | Baccah | Central Library | Central Library | Lower Floor | 04/07/2012 | 320.00 | 15423 | 2 | 6 | 005.117 GOM | 000026910 | 15/07/2025 | 19/03/2019 | Book - Borrowing |